Statistics for 5-Letter World of Greyhawk Chain

Click here to take the quiz!

General Stats

  • This quiz has been taken 20 times
  • The average score is 10 of 19

Answer Stats

HintAnswer% Correct
Shield or Lost areasLands
95%
Prelacy that was destroyedAlmor
84%
Urnst or Tenh for exampleDuchy
79%
Goddess of FateIstus
79%
The big blue seaAzure
68%
Town that rhymes with hurlKnurl
68%
Caliphate in the Baklunish WestEkbir
63%
Northern uplands or brown colorSepia
63%
Goddess of SpringAtroa
58%
Suel remnants in Sea of DustRuins
53%
Goddess of LiesSyrul
53%
Barbarian adjacent landRatik
47%
God of BeastsLlerg
42%
Another type of DuchyGrand
37%
Tiger Nomad hills and townYecha
37%
East coast seaAerdi
32%
Coastal waters or noiseSound
32%
River bordering Vesve ForestDulsi
26%
A river running by RauxesImeda
21%

Score Distribution

Percentile by Number Answered

Percent of People with Each Score

Your Score History

You have not taken this quiz